Friend's Theme Song Lyrics - Statistics

General Stats
  • This quiz has been taken 1,577 times
  • The average score is 10 of 12
Answer Stats
Hint Answer % Correct
but I'll __ ____ ___ ___ be there for you
96%
I'll __ ____ ___ ___ be there for you
96%
So no one told you life was ____ __ ____ ___ gonna be this way
94%
your job's _ ____ a joke
91%
you're _____ broke
90%
and it hasn't been your ___ your ____ your _____ or even your ____ day week month year
90%
It's like you're always _____ __ ______ ____ stuck in second gear
89%
because you're there ___ __ ___ for me tooooooooooooooooooo
85%
your love life's ___ DOA
82%
(like i've ____ _____ ______) been there before
77%
(when the ____ _____ __ ____) rain starts to pour
71%
I'll __ ____ ___ ___ be there for you
47%
No matching quizzes found
Score Distribution
Percent of People with Each Score
Percentile by Number Answered
Your Score History
You have not taken this quiz